Physiological psychology / (Record no. 1378)
[ view plain ]
| 000 -LEADER | |
|---|---|
| fixed length control field | 01077cam a22003611 4500 |
| 001 - CONTROL NUMBER | |
| control field | 1378 |
| 003 - CONTROL NUMBER IDENTIFIER | |
| rucl marc code | BD-RjUL |
| 005 - DATE AND TIME OF LATEST TRANSACTION | |
| control field | 20211208233328.0 |
| 008 - FIXED-LENGTH DATA ELEMENTS--GENERAL INFORMATION | |
| fixed length control field | 131125r19691966ilua b 001 0 eng c |
| 029 1# - (OCLC) | |
| OCLC library identifier | NLM |
| System control number | 0076163 |
| 035 ## - SYSTEM CONTROL NUMBER | |
| System control number | (OCoLC)ocm00553302 |
| System control number | (BD-RjUL)1400 |
| System control number | (NNC)1523794 |
| 040 ## - CATALOGING SOURCE | |
| Original cataloging agency | DLC/ICU |
| Transcribing agency | CGU |
| Modifying agency | DLC |
| -- | DLC |
| -- | BD-RjUL |
| Language of cataloging | eng |
| 041 ## - LANGUAGE CODE | |
| Language code of text/sound track or separate title | eng |
| 060 0# - NATIONAL LIBRARY OF MEDICINE CALL NUMBER | |
| Classification number | WL 102 |
| Item number | D486p 1966 |
| 082 00 - DEWEY DECIMAL CLASSIFICATION NUMBER | |
| Classification number | 152 |
| Edition number | 20 |
| Author mark and year | DEP |
| 100 1# - MAIN ENTRY--PERSONAL NAME | |
| Personal name | Deutsch, J. Anthony, |
| Dates associated with a name | 1927- |
| 9 (RLIN) | 4080 |
| 245 10 - TITLE STATEMENT | |
| Title | Physiological psychology / |
| Statement of responsibility, etc. | J.A. Deutsch and D. Deutsch. |
| 260 ## - PUBLICATION, DISTRIBUTION, ETC. (IMPRINT) | |
| Place of publication, distribution, etc. | Homewood, Ill. : |
| Name of publisher, distributor, etc. | Dorsey Press, |
| Date of publication, distribution, etc. | c1966 [1969 ] |
| 300 ## - PHYSICAL DESCRIPTION | |
| Pagination | 553 p. : |
| Illustrations | illus. |
| Size | 24 cm. |
| 490 1# - SERIES STATEMENT | |
| Series statement | The Dorsey series in psychology |
| 504 ## - BIBLIOGRAPHY, ETC. NOTE | |
| Bibliography, etc | Bibliography: p. 497-546. |
| Bibliography, etc | Includes index. |
| 650 #0 - SUBJECT ADDED ENTRY--TOPICAL TERM | |
| Topical term or geographic name as entry element | Psychophysiology. |
| 9 (RLIN) | 3788 |
| Topical term or geographic name as entry element | Psychophysiology. |
| 9 (RLIN) | 3788 |
| 700 1# - ADDED ENTRY--PERSONAL NAME | |
| Personal name | Deutsch, Diana, |
| Relator term | author. |
| 830 #0 - SERIES ADDED ENTRY--UNIFORM TITLE | |
| Uniform title | Dorsey series in psychology. |
| 942 ## - ADDED ENTRY ELEMENTS (KOHA) | |
| Source of classification or shelving scheme | Dewey Decimal Classification |
| Koha item type | Books |
| Lost status | Source of classification or shelving scheme | Damaged status | Not for loan | Collection code | Permanent Location | Current Location | Shelving location | Date acquired | Source of acquisition | Cost, normal purchase price | Total Checkouts | Full call number | Date last seen | Copy number | Koha item type |
|---|---|---|---|---|---|---|---|---|---|---|---|---|---|---|---|
| Dewey Decimal Classification | Not For Loan | Non-fiction | Central Library, University of Rajshahi | Central Library, University of Rajshahi | Reading Room | 09/08/1971 | Zeitlinger | 99.00 | 152 DEP 1969 | 25/11/2013 | C-1 | Books |